Магнитометрический прибор для обнаружения скрытых подземных объектов; Известия Томского политехнического университета [Известия ТПУ]; Т. 320, № 1 : Науки о Земле

Bibliografiske detaljer
Parent link:Известия Томского политехнического университета [Известия ТПУ]/ Томский политехнический университет (ТПУ).— , 2000-
Т. 320, № 1 : Науки о Земле.— 2012.— [С. 111-113]
Hovedforfatter: Прищепов С. К.
Andre forfattere: Власкин К. И.
Summary:Заглавие с титульного листа
Электронная версия печатной публикации
Определены условия задачи поиска скрытых ферромагнитных предметов на фоне действия нормального магнитного поля Земли. Рассмотрены функциональные возможности магнитометров, предназначенных для обнаружения магнитных аномалий. Представлен комплексный гравитационный магнитометрический прибор для определения местоположения локальных магнитных объектов, скрытых в неферромагнитных укрывающих средах.
Sprog:russisk
Udgivet: 2012
Serier:Геофизика
Fag:
Online adgang:http://earchive.tpu.ru/bitstream/11683/4084/1/bulletin_tpu-2012-320-1-17.pdf
Format: MixedMaterials Electronisk Book Chapter
KOHA link:https://koha.lib.tpu.ru/cgi-bin/koha/opac-detail.pl?biblionumber=211706

MARC

LEADER 00000nla2a2200000 4500
001 211706
005 20231031192705.0
035 |a (RuTPU)RU\TPU\book\231278 
035 |a RU\TPU\book\231277 
090 |a 211706 
100 |a 20120318d2012 k y0rusy50 ca 
101 0 |a rus 
102 |a RU 
135 |a drnn ---uucaa 
181 0 |a i  
182 0 |a b 
200 1 |a Магнитометрический прибор для обнаружения скрытых подземных объектов  |b Электронный ресурс  |f С. К. Прищепов, К. И. Власкин 
203 |a Текст  |c электронный 
215 |a 1 файл (134 Кб) 
225 1 |a Геофизика 
230 |a Электронные текстовые данные (1 файл : 134 Кб) 
300 |a Заглавие с титульного листа 
300 |a Электронная версия печатной публикации 
320 |a [Библиогр.: с. 113 (4 назв.)] 
330 |a Определены условия задачи поиска скрытых ферромагнитных предметов на фоне действия нормального магнитного поля Земли. Рассмотрены функциональные возможности магнитометров, предназначенных для обнаружения магнитных аномалий. Представлен комплексный гравитационный магнитометрический прибор для определения местоположения локальных магнитных объектов, скрытых в неферромагнитных укрывающих средах. 
337 |a Adobe Reader 
461 1 |0 (RuTPU)RU\TPU\book\176237  |t Известия Томского политехнического университета [Известия ТПУ]  |f Томский политехнический университет (ТПУ)  |d 2000- 
463 1 |0 (RuTPU)RU\TPU\book\230759  |x 1684-8519  |t Т. 320, № 1 : Науки о Земле  |v [С. 111-113]  |d 2012  |p 225 с. 
610 1 |a однородные магнитные поля 
610 1 |a магнитные аномалии 
610 1 |a феррозонды 
610 1 |a диаграмма направленности 
610 1 |a жидкостные маятниковые коммутаторы 
610 1 |a электронный ресурс 
700 1 |a Прищепов  |b С. К. 
701 1 |a Власкин  |b К. И. 
801 1 |a RU  |b 63413507  |c 20090623  |g PSBO 
801 2 |a RU  |b 63413507  |c 20211229  |g PSBO 
856 4 |u http://earchive.tpu.ru/bitstream/11683/4084/1/bulletin_tpu-2012-320-1-17.pdf 
942 |c CF